00354nam a2200157Ia 4500003000400000005001700004008004100021040000700062041000800069082001500077100001700092245002100109260004500130300000900175650001200184OSt20260326121031.0250729s2010 xx 000 0 und d cAL aeng a420.3 RAMU aH.S.Rama Rao aUse your english aMangalorebGovt College of Teacherc2010 a118p aEnglish